[Event "SR 3. liga A2 2008/2009"]
[Site "?"]
[Date "2009.02.08"]
[Round "7.4"]
[White "Diviak, Rudolf"]
[Black "Bilovsky, Milan"]
[Result "0-1"]
[WhiteElo "1894"]
[BlackElo "1911"]
[PlyCount "80"]
[EventDate "2008.??.??"]

1. e4 c5 2. Nf3 Nc6 3. d4 cxd4 4. Nxd4 e6 5. Bc4 Nf6 6. Nc3 Be7 7. Be3 d5 8.
exd5 Nxd5 9. Nxd5 exd5 10. Bb3 O-O 11. Qf3 Bf6 12. O-O-O Be6 13. Rhg1 a5 14.
Ba4 Ne5 15. Qe2 Nc4 16. g4 Nxe3 17. Qxe3 Bd7 18. Bxd7 Qxd7 19. g5 Be7 20. Qd3
g6 21. f4 Bc5 22. Rg3 Rac8 23. Ne2 Rfe8 24. Nc3 d4 25. Ne4 Be7 26. Qxd4 Qc7 27.
Qf2 Qc4 28. Nc3 b5 29. Rh3 h5 30. gxh6 b4 31. h7+ Kh8 32. Nd5 Bc5 33. Qd2 Qxa2
34. Nc3 Qe6 35. Qd3 Be3+ 36. Kb1 Qxh3 37. Ne4 Qe6 38. Ng5 Qe7 39. Re1 a4 40. f5
Qxg5 0-1

[Event "SR 3. liga A2 2008/2009"]
[Site "?"]
[Date "2009.02.08"]
[Round "7.5"]
[White "Jozefovic, Milan"]
[Black "Danada, Ondrej"]
[Result "0-1"]
[WhiteElo "1894"]
[BlackElo "1891"]
[PlyCount "138"]
[EventDate "2008.??.??"]

1. e4 c6 2. d4 d5 3. e5 c5 4. Nf3 cxd4 5. Nxd4 Nc6 6. Bb5 Bd7 7. Nxc6 Bxc6 8.
Bxc6+ bxc6 9. O-O e6 10. Qg4 Ne7 11. Bg5 Qc7 12. Bxe7 Qxe7 13. c3 Qc7 14. Qg3
g6 15. Nd2 Bg7 16. Rae1 O-O 17. Qe3 Qb6 18. b4 Qxe3 19. Rxe3 a5 20. a3 axb4 21.
axb4 Bh6 22. Rd3 Bxd2 23. Rxd2 Ra3 24. Rc1 Rfa8 25. Rdc2 Ra2 26. g3 Kf8 27. f4
Ke7 28. Kf2 h5 29. Ke3 Kd7 30. Kd4 Kc7 31. Kc5 R2a4 32. Rb1 R8a5+ 33. Kd4 Kb6
34. c4 Ra7 35. cxd5 cxd5 36. Rbb2 Ra1 37. Rc3 Rd1+ 38. Rd3 Rxd3+ 39. Kxd3 Kb5
40. Kc3 Rc7+ 41. Kd3 Ka4 42. b5 Ka5 43. h3 Rb7 44. g4 hxg4 45. hxg4 Rxb5 46.
Rd2 Kb6 47. f5 gxf5 48. gxf5 Rb4 49. fxe6 fxe6 50. Rh2 Re4 51. Rh5 Kc7 52. Rh7+
Kd8 53. Rh5 Ke7 54. Rg5 Kf7 55. Kd2 Rf4 56. Rg3 Rf5 57. Re3 Kg6 58. Rg3+ Kh5
59. Kd3 Rxe5 60. Kd4 Re4+ 61. Kc5 d4 62. Kc4 e5 63. Kd3 Kh4 64. Rg8 Re3+ 65.
Kc4 d3 66. Rd8 e4 67. Kd4 Re2 68. Ke5 Kg3 69. Kd4 Kf2 0-1

[Event "SR 3. liga A2 2008/2009"]
[Site "?"]
[Date "2009.02.08"]
[Round "7.6"]
[White "Pagerka, Slavomir"]
[Black "Husek, Lubomir"]
[Result "1/2-1/2"]
[WhiteElo "1848"]
[BlackElo "1738"]
[PlyCount "80"]
[EventDate "2008.??.??"]

1. e4 c5 2. Nf3 d6 3. d4 cxd4 4. Nxd4 Nf6 5. Nc3 e5 6. Nb3 Be6 7. Be2 Nc6 8.
O-O Be7 9. Be3 O-O 10. f3 Rc8 11. a3 Re8 12. Bd3 d5 13. exd5 Nxd5 14. Nxd5 Bxd5
15. c4 Be6 16. Qe2 b6 17. Rac1 f6 18. Qc2 h6 19. Rfd1 Qc7 20. Qb1 Qb8 21. Nd2
Red8 22. b4 Nd4 23. Rc3 Rc7 24. Bf2 Qc8 25. Bxd4 Rxd4 26. Nb3 Rd8 27. Rdc1 Bf8
28. c5 bxc5 29. Nxc5 Bxc5+ 30. bxc5 Bd5 31. Be4 Bc6 32. Qb3+ Kh8 33. Bxc6 Rxc6
34. R3c2 Qc7 35. Qe3 Rd4 36. Rc4 Rd8 37. Ra4 Qd7 38. Rac4 Qb7 39. Rb4 Qc7 40.
Rbc4 Qd7 1/2-1/2

[Event "SR 3. liga A2 2008/2009"]
[Site "?"]
[Date "2009.02.08"]
[Round "7.7"]
[White "Hrubos, Milan"]
[Black "Skapik, Branislav"]
[Result "0-1"]
[WhiteElo "1713"]
[BlackElo "1823"]
[PlyCount "56"]
[EventDate "2008.??.??"]

1. e4 e5 2. Nf3 Nc6 3. Bb5 a6 4. Ba4 Nf6 5. O-O Be7 6. Re1 b5 7. Bb3 O-O 8. c3
d5 9. exd5 Nxd5 10. Nxe5 Nxe5 11. Rxe5 c6 12. d4 Bd6 13. Re1 Qh4 14. g3 Qh3 15.
Qd3 Bg4 16. Qf1 Qh5 17. Be3 Rae8 18. Nd2 Re6 19. Bxd5 cxd5 20. f3 Bh3 21. Qf2
f5 22. f4 g5 23. Nf1 Rfe8 24. Bd2 Re2 25. Rxe2 Rxe2 26. Re1 Rxf2 27. Kxf2 Bxf1
28. Rxf1 Qxh2+ 0-1

[Event "SR 3. liga A2 2008/2009"]
[Site "?"]
[Date "2009.02.08"]
[Round "7.8"]
[White "Nemeckay, Rastislav"]
[Black "Zlamal, Marek"]
[Result "1-0"]
[WhiteElo "1749"]
[BlackElo "1488"]
[PlyCount "97"]
[EventDate "2008.??.??"]

1. e4 e5 2. Nc3 d6 3. Nf3 Be6 4. d4 Nd7 5. h3 exd4 6. Nxd4 Ngf6 7. Bg5 h6 8.
Bh4 Be7 9. Nxe6 fxe6 10. Bc4 Nf8 11. Qd3 N6d7 12. Bg3 Nc5 13. Qf3 Qd7 14. O-O
Bf6 15. e5 dxe5 16. Bxe5 Qf7 17. Bb5+ Nfd7 18. Bxc7 O-O 19. Bd6 Bxc3 20. Bxf8
Qxf3 21. gxf3 Bxb2 22. Rab1 Rxf8 23. Rxb2 Ne5 24. Be2 Nxf3+ 25. Bxf3 Rxf3 26.
Kg2 Rc3 27. Re1 Kf7 28. Re3 Rc4 29. c3 b6 30. Rb4 Rxb4 31. cxb4 Nd7 32. Ra3 a5
33. bxa5 bxa5 34. Rxa5 Nb6 35. Kf3 Kf6 36. Rc5 Nd7 37. Rc7 Ne5+ 38. Ke4 Nf7 39.
Rxf7+ Kg6 40. Rf3 Kg5 41. a4 Kg6 42. a5 Kg5 43. a6 Kg6 44. a7 Kg5 45. a8=Q Kh5
46. Rg3 e5 47. Qe8+ Kh4 48. Rg4+ Kxh3 49. Qh5# 1-0

[Event "SR 3. liga A2 2008/2009"]
[Site "?"]
[Date "2009.03.01"]
[Round "8.1"]
[White "Kovacocy, Pavel"]
[Black "Horak, Ivan"]
[Result "1-0"]
[WhiteElo "2232"]
[BlackElo "2138"]
[PlyCount "150"]
[EventDate "2008.??.??"]

1. e4 c5 2. Nc3 Nc6 3. g3 e6 4. Bg2 g6 5. d3 Bg7 6. Be3 d6 7. f4 Nge7 8. Nf3
Nd4 9. O-O O-O 10. Bf2 Nec6 11. Nxd4 cxd4 12. Ne2 Qd7 13. c3 dxc3 14. bxc3 b6
15. Rb1 Na5 16. f5 Ba6 17. Be3 exf5 18. exf5 Qe7 19. Bf2 Rac8 20. c4 Bh6 21. f6
Qe5 22. Bd4 Be3+ 23. Bxe3 Qxe3+ 24. Rf2 Bb7 25. Nf4 Rc5 26. Qf1 Re5 27. Bxb7
Nxb7 28. Qh3 Rf5 29. g4 Qxh3 30. Nxh3 Rxf2 31. Kxf2 Re8 32. Nf4 g5 33. Nd5 Nc5
34. Rd1 Re6 35. h4 h6 36. hxg5 hxg5 37. Rh1 Nxd3+ 38. Kg3 Nc5 39. Ne7+ Rxe7 40.
fxe7 Ne4+ 41. Kf3 Nf6 42. Rh5 Ne8 43. Rxg5+ Kh7 44. Rh5+ Kg7 45. g5 f6 46.
gxf6+ Kxf6 47. Rh7 Ke6 48. Kf4 a6 49. Rh3 Kxe7 50. Rb3 b5 51. cxb5 axb5 52.
Rxb5 Kd7 53. Ke4 Kc6 54. Rb8 Nc7 55. Kd4 Nb5+ 56. Kc4 d5+ 57. Kd3 Nc7 58. a4
Na6 59. Rc8+ Kb7 60. Rc1 Kb6 61. Kd4 Ka5 62. Kxd5 Nb4+ 63. Kc4 Nc6 64. Kb3 Nd4+
65. Ka3 Kb6 66. Rh1 Ka5 67. Rh5+ Kb6 68. Rd5 Nc6 69. Rd6 Kc5 70. Rh6 Na5 71.
Rh5+ Kb6 72. Rb5+ Ka6 73. Kb4 Nb7 74. Rh5 Kb6 75. Rh6+ Ka7 1-0

[Event "SR 3. liga A2 2008/2009"]
[Site "?"]
[Date "2009.03.01"]
[Round "8.2"]
[White "Kovarik, Oto"]
[Black "Cechovic, Stefan"]
[Result "1/2-1/2"]
[WhiteElo "2052"]
[BlackElo "2186"]
[PlyCount "32"]
[EventDate "2008.??.??"]

1. e4 e5 2. Nf3 Nf6 3. Nxe5 d6 4. Nf3 Nxe4 5. d4 d5 6. Bd3 Be7 7. O-O Nc6 8. c4
Nf6 9. h3 O-O 10. Nc3 Nb4 11. Be2 dxc4 12. Bxc4 Nbd5 13. Re1 c6 14. Nxd5 Nxd5
15. Bxd5 cxd5 16. Qb3 Bf6 1/2-1/2

[Event "SR 3. liga A2 2008/2009"]
[Site "?"]
[Date "2009.03.01"]
[Round "8.3"]
[White "Liptak, Tomas"]
[Black "Sefcik, Marek"]
[Result "0-1"]
[WhiteElo "2021"]
[BlackElo "1997"]
[PlyCount "120"]
[EventDate "2008.??.??"]

1. e4 c5 2. Nf3 e6 3. d4 cxd4 4. Nxd4 Bc5 5. Nb3 Bb6 6. c4 Ne7 7. Qg4 O-O 8.
Nc3 Nbc6 9. Qd1 f5 10. c5 Bc7 11. Nb5 fxe4 12. Qe2 Nd5 13. Qxe4 Qf6 14. f3 Bb8
15. Bd3 g6 16. Na3 b6 17. Bc4 Ndb4 18. Nc2 bxc5 19. Nxb4 cxb4 20. Bb5 d5 21.
Qc2 Nd8 22. Bc6 Bb7 23. Bxb7 Nxb7 24. Qc6 Qe7 25. O-O a5 26. Re1 Bxh2+ 27. Kf1
Bd6 28. Nd4 Rac8 29. Qb5 Rc5 30. Qb6 Nd8 31. Bg5 Qxg5 32. Qxd6 Rc4 33. Nxe6
Nxe6 34. Qxe6+ Kg7 35. Rad1 Rc2 36. Re2 Rxe2 37. Qxe2 Rf5 38. Qb5 Qd8 39. Qc5
g5 40. Kg1 h5 41. Rc1 Kg6 42. Qc6+ Rf6 43. Qc2+ Kh6 44. Qc7 Qxc7 45. Rxc7 Rd6
46. Kf2 d4 47. Ke2 d3+ 48. Kd2 Rd5 49. Rc6+ Kg7 50. Ra6 g4 51. fxg4 hxg4 52.
Re6 Rd4 53. Re3 Kf6 54. Rxd3 Ke5 55. Ke2 Rxd3 56. Kxd3 Kf4 57. Ke2 Kg3 58. Kf1
Kh2 59. Kf2 a4 60. b3 a3 0-1

[Event "SR 3. liga A2 2008/2009"]
[Site "?"]
[Date "2009.03.01"]
[Round "8.4"]
[White "Bilovsky, Milan"]
[Black "Sarmír, Milos"]
[Result "0-1"]
[WhiteElo "1911"]
[BlackElo "2086"]
[PlyCount "92"]
[EventDate "2008.??.??"]

1. c4 e6 2. d4 Nf6 3. Nc3 d5 4. Bg5 Nbd7 5. e3 Be7 6. Nf3 h6 7. Bh4 O-O 8. c5
c6 9. Be2 Ne4 10. Bxe7 Qxe7 11. Nxe4 dxe4 12. Nd2 f5 13. f4 exf3 14. Nxf3 e5
15. O-O e4 16. Nd2 Nf6 17. Nc4 Nd5 18. Qd2 Qg5 19. Rae1 Be6 20. Bd1 f4 21. exf4
Nxf4 22. Bb3 Bxc4 23. Bxc4+ Kh8 24. Kh1 e3 25. Rxe3 Nd5 26. Rfe1 Nxe3 27. Rxe3
Rae8 28. Rxe8 Rxe8 29. Qf2 Qc1+ 30. Bf1 Kg8 31. Kg1 Qe3 32. Bc4+ Kh8 33. b3
Qxf2+ 34. Kxf2 Re4 35. d5 cxd5 36. Bxd5 Re5 37. Bxb7 Rxc5 38. Ke3 Rc2 39. Kd4
Rxa2 40. Kc5 g5 41. h3 Kg7 42. b4 Kf6 43. b5 Ke5 44. Bf3 Rc2+ 45. Kb4 Kd4 46.
Ka5 Kc5 0-1

[Event "SR 3. liga A2 2008/2009"]
[Site "?"]
[Date "2009.03.01"]
[Round "8.5"]
[White "Liptak, Dusan"]
[Black "Jozefovic, Milan"]
[Result "1-0"]
[WhiteElo "1927"]
[BlackElo "1894"]
[PlyCount "159"]
[EventDate "2008.??.??"]

1. Nf3 d5 2. c4 e6 3. g3 Nf6 4. Bg2 Be7 5. O-O O-O 6. b3 c6 7. Bb2 Qb6 8. Qc2
h6 9. d3 a5 10. Nc3 Na6 11. Na4 Qd8 12. c5 Nd7 13. d4 Nab8 14. Rac1 b5 15. cxb6
Nxb6 16. Nc5 N6d7 17. Nd3 Qb6 18. Nfe5 Nxe5 19. Nxe5 Bb7 20. a3 Rd8 21. Nd3 Nd7
22. Nc5 Nxc5 23. dxc5 Qc7 24. f4 Ba6 25. Be5 Qb7 26. Bh3 Qb5 27. Qc3 Bf8 28.
Rc2 Ra7 29. Rb1 a4 30. b4 Qc4 31. Qd2 Qe4 32. Bg2 Qg6 33. Re1 Rad7 34. Bd4 f5
35. Rc3 Qf7 36. h3 Be7 37. g4 Bf6 38. Bxf6 Qxf6 39. Rg3 fxg4 40. hxg4 Rf8 41.
Rf1 Rdf7 42. Rf2 e5 43. f5 e4 44. Qe3 g5 45. Rf1 Qb2 46. Kf2 Re8 47. Rd1 Qe5
48. Rh3 Qg7 49. Qd4 Qxd4+ 50. Rxd4 Rf6 51. Ke3 Bb5 52. Rd2 Kg7 53. Kd4 Kf7 54.
e3 Rh8 55. Rh5 Kg7 56. Rf2 Ba6 57. Bf1 Bxf1 58. Rxf1 Rb8 59. Rb1 Rb5 60. Ke5
Kf7 61. Rh2 Kg7 62. Rbh1 Rb8 63. Rb1 Rb5 64. Rd2 Kf7 65. Rc1 Rb8 66. Rcc2 Re8+
67. Kd4 h5 68. gxh5 Rxf5 69. b5 cxb5 70. c6 Rc8 71. Rf2 Rxf2 72. Rxf2+ Ke6 73.
Kc5 g4 74. h6 Ke5 75. h7 b4 76. axb4 a3 77. b5 Ra8 78. b6 a2 79. Rxa2 Rxa2 80.
h8=Q+ 1-0

[Event "SR 3. liga A2 2008/2009"]
[Site "?"]
[Date "2009.03.01"]
[Round "8.6"]
[White "Husek, Lubomir"]
[Black "Skapikova, Lubica"]
[Result "1/2-1/2"]
[WhiteElo "1738"]
[BlackElo "1958"]
[PlyCount "68"]
[EventDate "2008.??.??"]

1. e4 e5 2. Nf3 Nc6 3. Bb5 a6 4. Ba4 Nf6 5. O-O Be7 6. Re1 b5 7. Bb3 O-O 8. c3
d5 9. exd5 Nxd5 10. Nxe5 Nxe5 11. Rxe5 c6 12. d4 Bd6 13. Re1 Qh4 14. g3 Qh3 15.
Qd3 Bg4 16. Qf1 Qh5 17. Be3 Rae8 18. Nd2 Kh8 19. a4 f5 20. Bxd5 cxd5 21. f4 g5
22. axb5 gxf4 23. Bxf4 Be2 24. Qf2 Bxf4 25. Qxf4 axb5 26. Ra6 Qf7 27. Kf2 Bg4
28. Raa1 Qh5 29. Kg1 Be2 30. Ra6 Qf7 31. Kf2 Bg4 32. Raa1 Qh5 $11 33. Kg1 Be2
34. Ra6 Qf7 1/2-1/2

[Event "SR 3. liga A2 2008/2009"]
[Site "?"]
[Date "2009.03.01"]
[Round "8.7"]
[White "Vlkovic, Pavol"]
[Black "Hrubos, Milan"]
[Result "0-1"]
[WhiteElo "1934"]
[BlackElo "1713"]
[PlyCount "116"]
[EventDate "2008.??.??"]

1. e4 e5 2. Bc4 Nf6 3. d3 Bc5 4. Nf3 Nc6 5. c3 d6 6. h3 O-O 7. Bb3 Be6 8. Bc2
d5 9. exd5 Bxd5 10. Nbd2 a5 11. O-O b5 12. Nxe5 Nxe5 13. d4 Bxd4 14. cxd4 Nc6
15. a4 b4 16. Nb3 Bxb3 17. Bxb3 Nxd4 18. Bc4 c5 19. Bg5 h6 20. Bf4 Nd5 21. Bg3
Nb6 22. Bd3 Ra7 23. Rc1 Rd7 24. Bb1 c4 25. Qg4 Nb3 26. Rcd1 Nd2 27. Bf4 Nxf1
28. Rxd7 Qxd7 29. Bf5 Qc6 30. Kxf1 c3 31. b3 Rd8 32. Bc2 Nd5 33. Bc1 Qa6+ 34.
Kg1 Qe6 35. Qd1 Re8 36. Kf1 Qa6+ 37. Bd3 Qd6 38. g3 Rd8 39. Qe2 Nf4 40. Bxf4
Qxd3 41. Qxd3 Rxd3 42. Ke2 Rd7 43. Be3 f5 44. h4 Kf7 45. Bc1 Kf6 46. Be3 g5 47.
hxg5+ hxg5 48. Bc1 Rh7 49. Kd3 Rh1 50. Be3 Rb1 51. Bb6 Rxb3 52. Bxa5 Rb2 53. f4
gxf4 54. gxf4 Ke6 55. Bc7 Kd5 56. a5 Rd2+ 57. Ke3 Kc4 58. a6 Ra2 0-1

[Event "SR 3. liga A2 2008/2009"]
[Site "?"]
[Date "2009.03.01"]
[Round "8.8"]
[White "Holly, Milan"]
[Black "Hornak, Pavol"]
[Result "1-0"]
[WhiteElo "1799"]
[BlackElo "1743"]
[PlyCount "76"]
[EventDate "2008.??.??"]

1. Nf3 Nf6 2. b3 g6 3. Bb2 d5 4. e3 Bg7 5. Be2 O-O 6. O-O b6 7. d4 Bb7 8. c4 e6
9. Nc3 a6 10. Rc1 Ne4 11. cxd5 Nxc3 12. Bxc3 exd5 13. Qc2 c5 14. dxc5 Bxc3 15.
Qxc3 bxc5 16. Qxc5 Nd7 17. Qc7 Qxc7 18. Rxc7 Bc8 19. Rd1 Nf6 20. Nd4 Bd7 21.
Nc6 Bxc6 22. Rxc6 Kg7 23. Bxa6 Ra7 24. a4 Rd8 25. g3 Ne4 26. Bb5 Raa8 27. f3
Nf6 28. Kf2 Rac8 29. b4 Rxc6 30. Bxc6 Rc8 31. b5 Rc7 32. a5 Nd7 33. Rxd5 Nb8
34. Rc5 Kf6 35. e4 Ke7 36. Ke3 Nd7 37. b6 Rb7 38. Rd5 Nxb6 1-0

[Event "SR 3. liga A2 2008/2009"]
[Site "?"]
[Date "2009.02.22"]
[Round "8.1"]
[White "Mihalik, Marek"]
[Black "Pribila, Michal"]
[Result "1/2-1/2"]
[WhiteElo "2098"]
[BlackElo "2099"]
[PlyCount "97"]
[EventDate "2008.??.??"]

1. d4 Nf6 2. c4 g6 3. Nc3 Bg7 4. e4 d6 5. h3 O-O 6. Bg5 Nbd7 7. Nf3 e5 8. d5 h6
9. Be3 Nc5 10. Qc2 a5 11. Be2 Nh5 12. g3 b6 13. Nd2 Nf6 14. O-O-O Bd7 15. g4
Nh7 16. Rdg1 a4 17. Nf1 c6 18. Ng3 a3 19. b4 cxd5 20. exd5 Na4 21. Nge4 Nxc3
22. Qxc3 Qc7 23. h4 f6 24. Ng3 Kh8 25. f3 Rfc8 26. Kd2 Be8 27. Rc1 Bf7 $11 28.
h5 g5 29. Nf5 Bf8 30. Bd3 Qb7 31. Be4 b5 32. Qd3 bxc4 33. Rxc4 Rxc4 34. Qxc4
Rc8 35. Qb3 Qa6 36. b5 Qa5+ 37. Kd3 Be8 38. Rb1 Rb8 39. b6 Ba4 40. Qb4 Qa6+ 41.
Qc4 Bc2+ 42. Kc3 Rc8 43. Rb4 Rxc4+ 44. Rxc4 Ba4 45. Rc7 Qa5+ 46. Kd3 Bb5+ 47.
Kc2 Ba4+ 48. Kd3 Bb5+ 49. Kc2 1/2-1/2

[Event "SR 3. liga A2 2008/2009"]
[Site "?"]
[Date "2009.02.22"]
[Round "8.2"]
[White "Pribila, Gerhard"]
[Black "Manak, Jozef"]
[Result "1/2-1/2"]
[WhiteElo "2013"]
[BlackElo "2009"]
[PlyCount "53"]
[EventDate "2008.??.??"]

1. e4 c5 2. c3 Nf6 3. e5 Nd5 4. Bc4 Nb6 5. Bb3 e6 6. Nf3 Nc6 7. O-O d6 8. Qe2
dxe5 9. Nxe5 Nxe5 10. Qxe5 Qd6 11. Qe4 Be7 12. d4 cxd4 13. Bf4 Qc6 14. Qxd4 O-O
15. Rd1 Qc5 16. Qxc5 Bxc5 17. Nd2 Be7 18. Nc4 Nxc4 19. Bxc4 Rd8 20. Rxd8+ Bxd8
21. Rd1 Be7 22. Kf1 Kf8 23. Bb5 f6 24. Bc7 a6 25. Bd3 g6 26. Be4 Ke8 27. b3 $11
1/2-1/2

[Event "SR 3. liga A2 2008/2009"]
[Site "?"]
[Date "2009.02.22"]
[Round "8.3"]
[White "Gono, Michal"]
[Black "Kocak, Branislav"]
[Result "0-1"]
[WhiteElo "1854"]
[BlackElo "1896"]
[PlyCount "72"]
[EventDate "2008.??.??"]

1. d4 Nf6 2. Nf3 e6 3. Bg5 d5 4. e3 c5 5. c3 Be7 6. Nbd2 Nbd7 7. Bd3 b6 8. O-O
Bb7 9. Re1 O-O 10. Bxf6 Nxf6 11. e4 dxe4 12. Nxe4 Nxe4 13. Bxe4 Bxe4 14. Rxe4
cxd4 15. Rxd4 Qc8 16. Qe2 Bf6 17. Rd2 Rd8 18. Rad1 Rxd2 19. Rxd2 Qc7 20. h3 Rd8
21. Rxd8+ Qxd8 22. Qd2 Qd5 23. Qf4 Qb7 24. Qd6 h6 25. Nd4 Qe4 26. Nc6 Qe1+ 27.
Kh2 Qxf2 28. Ne7+ Kh7 29. Qd3+ g6 30. Nc6 Qxb2 31. Qd7 Kg7 32. Qxa7 Qxc3 33.
Qxb6 Qa3 34. Nb4 Be5+ 35. Kg1 Qb2 36. Qa5 Bg3 0-1

[Event "SR 3. liga A2 2008/2009"]
[Site "?"]
[Date "2009.02.22"]
[Round "8.4"]
[White "Brunovsky, Peter"]
[Black "Mihalik, Anton"]
[Result "1/2-1/2"]
[WhiteElo "1753"]
[BlackElo "1959"]
[PlyCount "130"]
[EventDate "2008.??.??"]

1. d4 d5 2. c4 e6 3. Nf3 Nf6 4. g3 Be7 5. Bg2 O-O 6. O-O Nbd7 7. b3 c6 8. Nbd2
Re8 9. Bb2 Qa5 10. a3 Bf8 11. Qc2 Qd8 12. c5 h6 13. Rfe1 Be7 14. b4 Nf8 15. Ne5
N6d7 16. f4 Nxe5 17. fxe5 f5 18. exf6 Bxf6 19. Nf3 Re7 20. e4 dxe4 21. Rxe4 Qe8
22. Ne5 Bxe5 23. dxe5 Bd7 24. Rd4 Qg6 25. Qd2 Rae8 26. Rf1 Bc8 27. Be4 Qh5 28.
Rd6 Rf7 29. Rxf7 Qxf7 30. Qd3 Qe7 31. Bd4 Qg5 32. Qe3 Qxe3+ 33. Bxe3 Kf7 34. a4
a6 35. Kf2 Ke7 36. Ke2 Nd7 37. Bd4 Nf8 38. Bc3 Bd7 39. b5 axb5 40. axb5 Rc8 41.
Bd4 Rc7 42. bxc6 Bxc6 43. Bxc6 Rxc6 44. Rxc6 bxc6 45. Kd3 h5 46. Be3 Nd7 47.
Bd4 Kf7 48. Ke4 Kg6 49. Kf4 Nb8 50. h3 Na6 51. Ke4 Nb4 52. Be3 Nd5 53. Bd2 Kf7
54. Kf3 Kg6 55. g4 hxg4+ 56. Kxg4 Ne7 57. h4 Nf5 58. h5+ Kf7 59. Ba5 g6 60. Bc7
gxh5+ 61. Kxh5 Ke7 62. Kg5 Kd7 63. Bb8 Nd4 64. Kf6 Nb3 65. Bd6 Na5 1/2-1/2

[Event "SR 3. liga A2 2008/2009"]
[Site "?"]
[Date "2009.02.22"]
[Round "8.5"]
[White "Curidlo, Jan"]
[Black "Zajicek, Ferdinand"]
[Result "1-0"]
[WhiteElo "1979"]
[BlackElo "1946"]
[PlyCount "40"]
[EventDate "2008.??.??"]

1. e4 e5 2. Nf3 d6 3. d4 Nd7 4. Bc4 Be7 5. Nc3 c6 6. O-O h6 7. Be3 Ngf6 8. h3
b5 9. Bd3 a6 10. Ne2 O-O 11. Ng3 Nh7 12. Nf5 exd4 13. N3xd4 Bb7 14. Qg4 Bg5 15.
h4 Ne5 16. Qg3 c5 17. Nxh6+ gxh6 18. Nf5 Kh8 19. hxg5 hxg5 20. f4 gxf4 1-0

[Event "SR 3. liga A2 2008/2009"]
[Site "?"]
[Date "2009.02.22"]
[Round "8.6"]
[White "Kastler, Peter"]
[Black "Bincik, Pavol"]
[Result "1/2-1/2"]
[WhiteElo "1690"]
[BlackElo "1890"]
[PlyCount "87"]
[EventDate "2008.??.??"]

1. d4 d5 2. c4 c6 3. Nf3 Nf6 4. Nc3 dxc4 5. a4 Bf5 6. Ne5 e6 7. Nxc4 Bb4 8. Bg5
Nbd7 9. e3 O-O 10. Be2 b5 11. Nd2 Qb6 12. Bxf6 Nxf6 13. O-O Bxc3 14. bxc3 bxa4
15. Qxa4 Qb2 16. Qd1 Qxc3 17. Rc1 Qb2 18. Rxc6 a5 19. Qc1 Qb4 20. Qc3 Ne4 21.
Nxe4 Bxe4 22. Rc4 Qxc3 23. Rxc3 h6 24. Ra1 Ra7 25. Rca3 Rfa8 26. f3 Bc6 27. Bd3
Kf8 28. Kf2 a4 29. Be4 Bd5 30. Bxd5 exd5 31. Kg3 Ke7 32. Kf4 Ke6 33. h4 f5 34.
Rb1 Ra6 35. Rb4 g6 36. g4 fxg4 37. Kxg4 Kd6 38. e4 Ke6 39. e5 R8a7 40. f4 Ra8
41. Rb7 R8a7 42. Rb4 Ra8 43. Rb7 R8a7 44. Rb4 1/2-1/2

[Event "SR 3. liga A2 2008/2009"]
[Site "?"]
[Date "2009.02.22"]
[Round "8.7"]
[White "Slaby, Jozef"]
[Black "Papanek, Lubomir"]
[Result "1/2-1/2"]
[WhiteElo "1930"]
[BlackElo "1677"]
[PlyCount "85"]
[EventDate "2008.??.??"]

1. d4 Nf6 2. c4 e6 3. Nc3 c5 4. d5 d6 5. Nf3 Be7 6. Qb3 O-O 7. dxe6 fxe6 8. e4
Nbd7 9. g3 Ng4 10. Bg2 Nge5 11. Nxe5 Nxe5 12. Ne2 Nc6 13. O-O e5 14. f4 Bg4 15.
Bf3 Bxf3 16. Rxf3 b6 17. Be3 exf4 18. Bxf4 g5 19. Bd2 Ne5 20. Rxf8+ Qxf8 21.
Rf1 Qg7 22. Bc3 Rf8 23. Qd1 Rxf1+ 24. Qxf1 Qf7 25. Bxe5 dxe5 26. Nc3 Qxf1+ 27.
Kxf1 g4 28. Kg2 Bg5 29. Nb5 a5 30. Nd6 Kf8 31. h3 h5 32. Nc8 Bd8 33. Nd6 Kg7
34. hxg4 hxg4 35. Nf5+ Kg6 36. Nd6 Kg7 37. Kf2 Kg6 38. Ke3 Kf6 39. Kd3 Ke6 40.
Nf5 Bg5 41. Kc3 Kd7 42. Kd3 Ke6 43. Ke2 1/2-1/2

[Event "SR 3. liga A2 2008/2009"]
[Site "?"]
[Date "2009.02.22"]
[Round "8.8"]
[White "Drska, Michal"]
[Black "Manak, Adrian"]
[Result "0-1"]
[WhiteElo "1350"]
[BlackElo "1637"]
[PlyCount "101"]
[EventDate "2008.??.??"]

1. e4 e6 2. d4 d5 3. Nd2 Nf6 4. e5 Ne4 5. Bd3 Nxd2 6. Bxd2 c5 7. c3 Qb6 8. Qb3
Qxb3 9. axb3 Nc6 10. Ne2 Bd7 11. O-O cxd4 12. cxd4 h5 13. f4 g6 14. Bb5 Nxe5
15. Bxd7+ Nxd7 16. b4 Bd6 17. Nc1 O-O 18. Nd3 Nb8 19. Nc5 b6 20. Nd3 Nc6 21.
Bc3 Rfc8 22. b5 Ne7 23. Ne5 Rc7 24. g3 Bxe5 25. fxe5 Nf5 26. Rf3 Rc4 27. Rd3
Kg7 28. Kg2 f6 29. exf6+ Kxf6 30. h3 g5 31. Rf1 Kg7 32. g4 Nh4+ 33. Kg3 hxg4
34. hxg4 Re8 35. Re3 Ng6 36. Rfe1 Nf4 37. Re5 Kf6 38. Bd2 Nd3 39. Bxg5+ Kg6 40.
Rxe6+ Rxe6 41. Rxe6+ Kxg5 42. Re7 Rxd4 43. Rxa7 Rb4 44. Rd7 Rxb5 45. Rd6 Nxb2
46. Rd8 Rb3+ 47. Kg2 Kxg4 48. Rxd5 Nd3 49. Rd4+ Nf4+ 50. Kf2 Rb2+ 51. Ke3 0-1

[Event "SR 3. liga A2 2008/2009"]
[Site "?"]
[Date "2009.02.22"]
[Round "8.1"]
[White "Janko, Ladislav"]
[Black "Klanica, Anton"]
[Result "1-0"]
[WhiteElo "2258"]
[BlackElo "1956"]
[PlyCount "67"]
[EventDate "2008.??.??"]

1. e4 e6 2. d4 d5 3. Nd2 Nf6 4. e5 Nfd7 5. f4 c5 6. c3 Nc6 7. Ndf3 Qb6 8. g3
cxd4 9. cxd4 Bb4+ 10. Kf2 Be7 11. Bh3 f5 12. Ne2 Nf8 13. Rg1 Bd7 14. g4 g6 15.
Rb1 Na5 16. Bd2 Rc8 17. Qe1 Nc4 18. Bc3 Qd8 19. b3 Na3 20. Rb2 Bh4+ 21. Ng3 Be7
22. Qd2 Qb6 23. gxf5 gxf5 24. Nh5 Qc6 25. Bb4 Bxb4 26. Qxb4 Nb5 27. Nf6+ Kd8
28. Rg7 a5 29. Qxa5+ b6 30. Qb4 Qc3 31. Qe7+ Kc7 32. Nxd7 Qxb2+ 33. Kg3 Qa3 34.
Nc5+ 1-0

[Event "SR 3. liga A2 2008/2009"]
[Site "?"]
[Date "2009.02.22"]
[Round "8.2"]
[White "Jurik, Michal"]
[Black "Kantor, Tamas st"]
[Result "1/2-1/2"]
[WhiteElo "1924"]
[BlackElo "2028"]
[PlyCount "96"]
[EventDate "2008.??.??"]

1. e4 c5 2. Nf3 Nc6 3. d4 cxd4 4. Nxd4 Nf6 5. Nc3 e5 6. Ndb5 d6 7. Bg5 a6 8.
Bxf6 gxf6 9. Na3 b5 10. Nd5 f5 11. Bd3 Be6 12. c3 Bg7 13. Nc2 O-O 14. Nce3 fxe4
15. Bxe4 f5 16. Nf6+ Qxf6 17. Bxc6 Rad8 18. Bd5 e4 19. f4 b4 20. Qb3 Rfe8 21.
Bxe6+ Qxe6 22. Qxe6+ Rxe6 23. Nxf5 bxc3 24. Nxg7 cxb2 25. Rb1 Kxg7 26. Rxb2 d5
27. Ke2 Kf6 28. Rd1 Kf5 29. Rbd2 Red6 30. Ke3 Ke6 31. Rd4 Rc8 32. R1d2 Rc3+ 33.
Ke2 Rc5 34. g4 $11 h5 35. gxh5 Kf5 36. h6 Rxh6 37. Rxd5+ Rxd5 38. Rxd5+ Kxf4
39. Ra5 Rxh2+ 40. Ke1 Rh6 41. Ke2 Rc6 42. Ra3 Rd6 43. Ra4 Re6 44. Ra5 Rd6 45.
Ra4 Rb6 46. Ra3 Rb2+ 47. Ke1 Rb1+ 48. Ke2 Rb6 1/2-1/2

[Event "SR 3. liga A2 2008/2009"]
[Site "?"]
[Date "2009.02.22"]
[Round "8.3"]
[White "Puobis, Jozef"]
[Black "Hagara, Vladimir"]
[Result "1/2-1/2"]
[WhiteElo "2015"]
[BlackElo "1959"]
[PlyCount "105"]
[EventDate "2008.??.??"]

1. e4 c5 2. d4 cxd4 3. Qxd4 Nc6 4. Qd3 Nf6 5. Nc3 g6 6. Nf3 d6 7. Nd5 Bg7 8. c3
O-O 9. Bg5 Nxd5 10. exd5 Ne5 11. Nxe5 Bxe5 12. Be2 Re8 13. O-O Bd7 14. Be3 a6
15. Rfe1 Rc8 16. Rad1 Qc7 17. f4 Bg7 18. Bd4 Bxd4+ 19. Qxd4 Qc5 20. Bf3 a5 21.
g4 Kf8 22. Kg2 Qxd4 23. Rxd4 Rc5 24. Kg3 h6 25. h4 b6 26. h5 gxh5 27. gxh5 f5
28. Rd2 Kf7 29. Kh4 Rc4 30. Rd4 Rxd4 31. cxd4 Rc8 32. Re2 Rc4 33. Rd2 Kf6 34.
Kg3 b5 35. Kf2 Be8 36. Ke3 Rc1 37. Rd1 $11 Rxd1 38. Bxd1 Bf7 39. Bf3 e6 40.
dxe6 Bxe6 41. d5 Bd7 42. Kd4 Ke7 43. Kc3 b4+ 44. Kb3 Kd8 45. a3 bxa3 46. bxa3
Kc7 47. Kc4 Kb6 48. Bd1 Bb5+ 49. Kd4 Bf1 50. Bc2 Bh3 51. Kc4 Bg4 52. Bd3 Bh3
53. Kd4 $11 1/2-1/2

[Event "SR 3. liga A2 2008/2009"]
[Site "?"]
[Date "2009.02.22"]
[Round "8.4"]
[White "Bahna, Jan"]
[Black "Kubica, Adrian"]
[Result "1/2-1/2"]
[WhiteElo "1935"]
[BlackElo "1927"]
[PlyCount "61"]
[EventDate "2008.??.??"]

1. e4 e5 2. Nf3 Nf6 3. Nc3 d6 4. d4 Nbd7 5. Bc4 Be7 6. O-O O-O 7. Re1 Nb6 8.
Be2 Bg4 9. dxe5 dxe5 10. Nxe5 Qxd1 11. Bxd1 Bxd1 12. Rxd1 Bb4 13. f3 Bxc3 14.
bxc3 Rfe8 15. Nd3 Nc4 16. Rb1 b6 17. Bg5 Nd7 18. Kf2 f6 19. Bf4 c6 20. Nb4 Nde5
21. Bxe5 Nxe5 22. Rd6 c5 23. Na6 Rad8 24. Rbd1 Rxd6 25. Rxd6 Re7 26. Nb8 Rc7
27. h3 Kf7 28. Na6 Rb7 29. Ke2 Nc4 30. Rd5 Ke6 31. Rd8 1/2-1/2